| 000 | 02549nam0a2200361 4500 | ||
|---|---|---|---|
| 001 | RU\NLR\BIBL_A\011758506 | ||
| 005 | 20180927114617.0 | ||
| 010 |
_a978-5-8307-0528-8 _9300 |
||
| 021 |
_aRU _bКН-П-18-045906 _9КН-П-18-3308 |
||
| 035 | _a(NLR Aleph) 011758506 | ||
| 035 | _a(RuMoRGB)009669070 | ||
| 090 |
_a11664894 _c11664894 |
||
| 100 | _a20180725d2018 k y0rusy50 ca | ||
| 101 | 0 |
_arus _deng |
|
| 102 | _aRU | ||
| 105 | _aab||z|||110zy | ||
| 200 | 1 |
_aКавказ в системе культурных связей Евразии в древности и средневековье _eХХХ "Крупновские чтения" [по археологии Северного Кавказа] _eматериалы Международной научной конференции, Карачаевск, 22-29 апреля 2018 г. _fКарачаево-Черкесский государственный университет имени У. Д. Алиева, Институт археологии Российской академии наук, Российское историческое общество _g[редакционная коллегия: Р. М. Мунчаев и др.] |
|
| 210 |
_aКарачаевск _cИзд-во Карачаево-Черкесского государственного университета имени У.Д. Алиева _d2018 |
||
| 215 |
_a519 с. _cил., табл. _d29 |
||
| 300 | _aРез. англ. | ||
| 300 | _aНа тит. л.: К 100-летию Рос. акад. археологии | ||
| 320 | _aБиблиогр. в конце ст. | ||
| 607 |
_aКавказ Северный _xАрхеологические исследования _jСъезды, совещания и т.п _2nlr_sh1 _2nlr_sh2 _3RU\NLR\AUTH\661310209 |
||
| 686 | 1 | _aТ4(2Р37)я431 | |
| 702 | 1 |
_aМунчаев _bР.М. _f1928- _gРауф Магомедович _3RU\NLR\AUTH\7718114 _4340 |
|
| 711 | 1 | 2 |
_aКрупновские чтения _d30 _f2018 _eКарачаевск _3RU\NLR\AUTH\880478474 |
| 712 | 0 | 2 |
_aКарачаево-Черкесский государственный университет им. У. Д. Алиева _cКарачаевск _3RU\NLR\AUTH\8810047154 _4475 |
| 942 | _cBOOK | ||
| 980 | _aNBR | ||
| 980 | _aNB | ||